| 000 | 00699nam a2200205 a 4500 | ||
|---|---|---|---|
| 001 | 82538 | ||
| 003 | BD-RjUL | ||
| 005 | 20231226105027.0 | ||
| 008 | 231226s1877 ii ||||| |||| 00| 0 per d | ||
| 035 | _a(BD-RjUL)82538 | ||
| 040 |
_aBD-RjUL _beng _cBD-RjUL |
||
| 041 | _aper | ||
| 082 |
_223 _a297 _bKHT 1877 |
||
| 100 | 1 | 0 |
_a خان بهادر, عبد الكريم ;; Khan Bahadur, Abdul Karim _910691 |
| 245 | 1 | 0 |
_aتنوير القلوب ;; Tanvir alqulub / _cAbdul Karim Khan Bahadur ;;; عبد الكريم خان بهادر |
| 260 |
_aKolkata: _bصدر مطبع مظهر العجائب المعرف بهاردو _c1877 |
||
| 300 |
_a303 p. ; _c23 cm |
||
| 650 | _aIslam | ||
| 942 |
_2ddc _cBK |
||
| 999 |
_c82538 _d82538 |
||